LEADER 00880nam a2200241 a 4500 001 991000584819707536 008 100208s2003 001 0 ita 020 $a9788809029972 035 $ab13879844-39ule_inst 040 $aDip.to Studi Storici$bita 082 04$a930.10922 100 1 $aBandini, Giovanna$d<1968- >$0472579 245 10$aLettere dall'Egeo :$barcheologhe italiane tra 1900 e 1950 /$cGiovanna Bandini 260 $aFirenze :$bGiunti, $c2003 300 $a256 p. $c19 cm. 440 0$aGenerazioni 650 4$aArcheologhe italiane$y1900-1950 907 $a.b13879844$b03-11-11$c08-02-10 912 $a991000584819707536 945 $aLE023 930.109 BAN 1 1 $g1$i2023000117422$lle023$o-$pE10.00$q-$rn$so $t0$u0$v0$w0$x0$y.i15071601$z08-02-10 996 $aLettere dall'Egeo$9225796 997 $aUNISALENTO 998 $ale023$b03-11-11$cm$da $e-$fita$git $h0$i0 LEADER 01735nam 2200469 450 001 9910707942703321 005 20170207161733.0 035 $a(CKB)5470000002469143 035 $a(OCoLC)971553167 035 $a(EXLCZ)995470000002469143 100 $a20170207j201612 ua 0 101 0 $aeng 135 $aurcn||||||||| 181 $ctxt$2rdacontent 182 $cc$2rdamedia 183 $acr$2rdacarrier 200 10$aFission surface power technology demonstration unit test results /$fMaxwell H. Briggs [and three others] 210 1$aCleveland, Ohio :$cNational Aeronautics and Space Administration, Glenn Research Center,$dDecember 2016. 215 $a1 online resource (9 pages) $ccolor illustrations 225 1 $aNASA/TM ;$v2016-219382 300 $a"December 2016." 300 $a"Prepared for the 14th International Energy Conversions Engineering Conference (IECEC) sponsored by the American Institute of Aeronautics and Astronautics, Salt Lake City, Utah, July 25-27, 2016." 300 $a"AIAA-2016-5012." 320 $aIncludes bibliographical references (pages 8-9). 606 $aFission products$2nasat 606 $aHeat transfer$2nasat 606 $aLiquid metals$2nasat 606 $aManned space flight$2nasat 606 $aMars missions$2nasat 615 7$aFission products. 615 7$aHeat transfer. 615 7$aLiquid metals. 615 7$aManned space flight. 615 7$aMars missions. 700 $aBriggs$b Maxwell H.$01397230 712 02$aNASA Glenn Research Center, 801 0$bGPO 801 1$bGPO 906 $aBOOK 912 $a9910707942703321 996 $aFission surface power technology demonstration unit test results$93533804 997 $aUNINA